Library of the University of Algiers 3
Ibrahim Sultan Cheibout
شعار جامعة الجزائر 3
مكتبة جامعة الجزائر 3
إبراهيم سلطان شيبوط

تسويق الخدمات الصحية / (رقم التسجيلة. 41447)

تفاصيل مارك
000 -LEADER
fixed length control field 02121nam a2200217Ia 4500
003 - CONTROL NUMBER IDENTIFIER
control field Ost
005 - DATE AND TIME OF LATEST TRANSACTION
control field 20260416102401.0
008 - FIXED-LENGTH DATA ELEMENTS--GENERAL INFORMATION
fixed length control field 260416s9999||||xx |||||||||||||| ||und||
040 ## - CATALOGING SOURCE
Transcribing agency fsecg
041 ## - LANGUAGE CODE
Language code of text/sound track or separate title ara
082 ## - DEWEY DECIMAL CLASSIFICATION NUMBER
Classification number 658.8
100 ## - MAIN ENTRY--PERSONAL NAME
Personal name مسعودي، راوية
Relator term مؤلف
245 #0 - TITLE STATEMENT
Title تسويق الخدمات الصحية /
Statement of responsibility, etc. راوية مسعودي
260 ## - PUBLICATION, DISTRIBUTION, ETC.
Place of publication, distribution, etc. الجزائر
Name of publisher, distributor, etc. جامعة الجزائر3: كلية العلوم الإقتصادية، العلوم التجارية وعلوم التسيير
Date of publication, distribution, etc. 2024
300 ## - PHYSICAL DESCRIPTION
Extent 109 ورقة
Other physical details ايضاحات
Dimensions 12 سم
504 ## - BIBLIOGRAPHY, ETC. NOTE
Bibliography, etc. note مراجع ص.105
520 ## - SUMMARY, ETC.
Summary, etc. مفهوم تسويق الخدمات الصحية، ماهيتها ومفهوم التسويق الصحي كذلك عناصر المزيج التسويقي الصحي، البيئة التسويقية للمؤسسات الصحية، البيئة الخارجية المحيطة بها، والبيئة الداخلية للمؤسسة الصحية، مع سوق الخدمات الصحية بالاضافة الى مفهوم السوق الصحي وتجزئته واستهدافه، مع سلوك مستهدف الخدمة الصحية والعوامل المؤثرة على السلوك الشرائي للمستهلك الصحي، مراحل اتخاذ العمل الشرائي للخدمة الصحية، مع مفهوم المنتجات الصحية،مزيج المنتج الصحي ومجالات تطوير الخدمات الصحية، ودورة حياته مع تسعير الخدمات الصحية وتوزيع الخدمات الصحية ومفهوم توزيها مع العوامل المؤثرة على الخدمات الصحية مع كيفية ترويج الخدمات الصحية مع المزيج الترويجي للخدمة الصحية وكذلك الجمهورواستراتيجية تسويق الخدمات الصحية.
653 ## - INDEX TERM--UNCONTROLLED
Uncontrolled term الخدمات الصحية- تسويق
710 ## - ADDED ENTRY--CORPORATE NAME
Corporate name or jurisdiction name as entry element جامعة الجزائر3: كلية العلوم الإقتصادية، العلوم التجارية وعلوم التسيير
Relator term ناشر علمي
942 ## - ADDED ENTRY ELEMENTS (KOHA)
Koha item type مطبوعات
المقتنيات
Withdrawn status Lost status Source of classification or shelving scheme Damaged status Not for loan Home library Current library Date acquired Serial enumeration / chronology Inventory number Total checkouts Full call number Barcode Date last seen Price effective from Koha item type
    Dewey Decimal Classification   NOT LOAN / إعارة داخلية مكتبة كلية العلوم الإقتصادية والعلوم التجارية وعلوم التسيير مكتبة كلية العلوم الإقتصادية والعلوم التجارية وعلوم التسيير 16/04/2026 الطابق الثاني مط.887-1   مط.887 ن1 مط.887-1 16/04/2026 16/04/2026 مطبوعات

موارد الويب المفتوحة


© University of Algiers 3 All Rights Reserved
|
Implemented by LECHELAH Riad